[Event "Olympiad"]
[Site "Bled SLO"]
[Date "2002.10.28"]
[Round "3"]
[White "Tovsanaa,N"]
[Black "Silveirinha,J"]
[Result "1-0"]
[WhiteElo "2321"]
[BlackElo "2150"]

1.d4 d5 2.c4 e6 3.Nc3 Nf6 4.Nf3 Be7 5.Bf4 c6 6.e3 O-O 7.Bd3 Nbd7 8.h3 Re8
9.O-O Nf8 10.Qe2 Ng6 11.Bh2 Bb4 12.Rfc1 b6 13.a3 Bxc3 14.Rxc3 Ne4 15.Rc2 c5
16.cxd5 exd5 17.Bb5 Re6 18.dxc5 a6 19.Bd3 Nxc5 20.Bf5 Re7 21.Bxc8 Rxc8 22.Rac1 Ra8
23.Nd4 Qe8 24.b4 Nd7 25.Nc6 Re6 26.Nb8 Ngf8 27.Nxa6 Rxa6 28.Qxa6 f6 29.Qd3 Qh5
30.Rd2 h6 31.Qxd5 Qg6 32.Qb3 Ne5 33.Bxe5 fxe5 34.Rd6 Kh7 35.Rxe6 Nxe6 36.Rc6 Nd4
37.Rxg6 Nxb3 38.Rxb6  1-0

[Event "Olympiad"]
[Site "Bled SLO"]
[Date "2002.10.31"]
[Round "6"]
[White "Nielsen,PH"]
[Black "Kaidanov,G"]
[Result "0-1"]
[WhiteElo "2620"]
[BlackElo "2646"]

1.d4 d5 2.c4 e6 3.Nc3 Be7 4.Nf3 Nf6 5.Bf4 O-O 6.e3 c5 7.dxc5 Bxc5 8.a3 Nc6
9.Rc1 a6 10.b4 Bd6 11.Bg5 a5 12.b5 Ne5 13.Nxe5 Bxe5 14.c5 a4 15.f4 Bxc3+
16.Rxc3 e5 17.Bxf6 Qxf6 18.fxe5 Qh4+ 19.g3 Qe4 20.Rg1 Bg4 21.Bg2 Qxe5 22.Qd4 Qxd4
23.exd4 Rfe8+ 24.Kd2 Re2+ 25.Kd3 Rb2 26.Bxd5 Be2+ 27.Ke3 Re8+ 28.Kf4 Rd2  0-1

[Event "Olympiad"]
[Site "Bled SLO"]
[Date "2002.11.02"]
[Round "8"]
[White "Hassan,Ab"]
[Black "Molale,O"]
[Result "0-1"]
[WhiteElo "2296"]
[BlackElo "2081"]

1.d4 d5 2.Nf3 e6 3.c4 Nf6 4.Nc3 Be7 5.Bf4 O-O 6.e3 Nh5 7.Be5 Nc6 8.cxd5 exd5
9.Bd3 Nxe5 10.Nxe5 Nf6 11.O-O Bd6 12.f4 c5 13.Rc1 cxd4 14.exd4 Qb6 15.Nb5 Bb8
16.Rf2 a6 17.Nc3 Ba7 18.Nf3 Bg4 19.Na4 Bxf3 20.Nxb6 Bxd1 21.Nxa8 Ba4 22.b3 Bd7
23.Nc7 Bxd4 24.Kf1 Bxf2 25.Kxf2 Rc8 26.Rc2 Kf8 27.Ke3 Ke7 28.g4 Nxg4+ 29.Kd4 Kd6
30.Nxd5 Rxc2 31.Bxc2 Nxh2 32.Ne3 Nf3+ 33.Ke4 Bc6+ 34.Kf5 Nd4+  0-1

[Event "Olympiad"]
[Site "Bled SLO"]
[Date "2002.11.04"]
[Round "9"]
[White "Schandorff,L"]
[Black "Iordachescu,V"]
[Result "1-0"]
[WhiteElo "2546"]
[BlackElo "2567"]

1.Nf3 Nf6 2.c4 e6 3.Nc3 d5 4.d4 Be7 5.Bf4 O-O 6.e3 Nbd7 7.c5 c6 8.h3 b6 9.b4 a5
10.a3 Ba6 11.Bxa6 Rxa6 12.b5 cxb5 13.c6 Qc8 14.c7 b4 15.Nb5 bxa3 16.O-O a4
17.Qc2 Ne4 18.Rfc1 h6 19.Bh2 g6 20.Ne1 Ra8 21.f3 Qa6 22.Rab1 Nef6 23.Bd6 Bxd6
24.Nxd6 Rfc8 25.Qc6 Kg7 26.Ra1 Nf8 27.Rxa3 Ne8 28.Nxc8 Rxc8 29.Qxa4 Qe2 30.Qc2 Qxc2
31.Rxc2 Rxc7 32.Rxc7 Nxc7 33.Ra7 Ne8 34.Rb7 Nd6 35.Rxb6 Nc4 36.Rb3 g5 37.Kf2 Ng6
38.Nd3 Nh4 39.Nb2 Nd6 40.Rb6 Ndf5 41.Nd3 Ng6 42.Rb7 Nd6 43.Rd7 Nc4 44.e4 dxe4
45.fxe4 h5 46.g3 h4 47.gxh4 gxh4 48.Rc7 Nd2 49.Nc5 Kf8 50.Ke2 Nb1 51.Rb7 Na3
52.Kd3 Nf4+ 53.Kc3 Nxh3 54.Rb3 Nf2 55.Nd7+ Kg7 56.Ne5 h3 57.Nf3 Nxe4+ 58.Kd3 h2
59.Nxh2 Nc4 60.Kxc4 Nd2+ 61.Kc3 Nxb3 62.Kxb3 Kf6 63.Kc4 Kf5 64.Nf3 f6 65.Ne1 Ke4
66.Nd3 f5 67.Nc5+  1-0

[Event "Olympiad"]
[Site "Bled SLO"]
[Date "2002.11.05"]
[Round "10"]
[White "Magai,V"]
[Black "Rodgaard,J"]
[Result "1-0"]
[WhiteElo "2531"]
[BlackElo "2345"]

1.d4 d5 2.c4 e6 3.Nc3 Be7 4.Nf3 Nf6 5.Bf4 O-O 6.e3 Nbd7 7.c5 Nh5 8.Bd3 Nxf4
9.exf4 c6 10.Qc2 g6 11.O-O Qc7 12.Ne2 b6 13.b4 a5 14.a3 Bb7 15.Rab1 axb4
16.axb4 Ra7 17.h4 Rfa8 18.h5 Kg7 19.g3 Ba6 20.Bxa6 Rxa6 21.Nc3 b5 22.Kg2 Nf6
23.hxg6 hxg6 24.Ne5 Rh8 25.Rh1 Rxh1 26.Rxh1 Bf8 27.g4 Kg8 28.f5 exf5 29.gxf5 Nd7
30.fxg6 Nxe5 31.dxe5 Qxe5 32.gxf7+ Kxf7 33.Rh3 Ra7 34.Re3 Qh5 35.Ne2 Kg8
36.Ng3 Qh7 37.Qe2 Re7 38.Re6 Kf7 39.Rxe7+ Bxe7 40.Qf3+ Ke8 41.Qg4 Kd8 42.Qe6 Kc7
43.Nf5 Bg5 44.Qe5+ Kd7 45.Qd6+ Kc8 46.Qxc6+ Qc7 47.Nd6+ Kb8 48.Qxb5+ Ka8
49.Qe8+ Qb8 50.Qc6+  1-0

[Event "Olympiad"]
[Site "Bled SLO"]
[Date "2002.11.06"]
[Round "11"]
[White "Korchnoi,V"]
[Black "Kasimdzhanov,R"]
[Result "1/2-1/2"]
[WhiteElo "2634"]
[BlackElo "2653"]

1.d4 d5 2.c4 e6 3.Nc3 Be7 4.Nf3 Nf6 5.Bf4 O-O 6.e3 c5 7.dxc5 Bxc5 8.cxd5 Nxd5
9.Nxd5 exd5 10.Bd3 Bb4+ 11.Nd2 Nc6 12.O-O Be7 13.a3 Bf6 14.Qc2 g6 15.Rac1 Be6
16.Nb3 Rc8 17.Nc5 Ne5 18.Bxe5 Bxe5 19.f4 Bg7 20.Nxe6  1/2-1/2

[Event "Olympiad"]
[Site "Bled SLO"]
[Date "2002.11.06"]
[Round "11"]
[White "Ardeshi,M"]
[Black "Al Tamimi,H"]
[Result "1-0"]
[WhiteElo "2321"]
[BlackElo "2169"]

1.Nf3 d5 2.d4 Nf6 3.c4 e6 4.Nc3 Be7 5.Bf4 O-O 6.e3 Nbd7 7.h3 dxc4 8.Bxc4 a6
9.O-O b5 10.Bd3 Bb7 11.Qe2 c5 12.Rad1 cxd4 13.exd4 Nd5 14.Bd2 N7f6 15.Rfe1 Qb6
16.Bb1 Rac8 17.Nxd5 Bxd5 18.Bg5 Qb7 19.Qd3 g6 20.Re3 Bc4 21.Qd2 Nd5 22.Bxe7 Nxe7
23.Ne5 Bd5 24.Rg3 Kg7 25.Qf4 Qc7 26.Rc3 Qb8 27.Rxc8 Qxc8 28.Ng4 Ng8 29.Rc1 Qb8
30.Rc7 Kh8 31.Qe5+ f6 32.Rxh7+  1-0

[Event "Olympiad w"]
[Site "Bled SLO"]
[Date "2002.11.07"]
[Round "12"]
[White "Caoili,A"]
[Black "Medic,Mir"]
[Result "0-1"]
[WhiteElo "2309"]
[BlackElo "2288"]

1.Nf3 d5 2.d4 Nf6 3.c4 e6 4.Nc3 Be7 5.Bf4 O-O 6.e3 c5 7.dxc5 Bxc5 8.a3 dxc4
9.Bxc4 a6 10.Qc2 b5 11.Ba2 Qb6 12.O-O Nbd7 13.Rad1 Bb7 14.Bb1 g6 15.e4 Rfc8
16.Qe2 Nh5 17.Bh6 Ndf6 18.Ng5 Bd4 19.Qf3 Rc7 20.Rd2 Ne8 21.Rxd4 Qxd4 22.Nxe6 Rxc3
23.Nxd4 Rxf3 24.Nxf3 Nd6 25.Nd2 Rc8 26.Rd1 Ng7 27.f3 Ne6 28.Be3 Kf8 29.Bf2 Ke8
30.Bg3 Nc4 31.Nxc4 Rxc4 32.Be5 Ke7 33.Ba2 Rc8 34.Bc3 Rc7 35.Kf2 Rd7 36.Rxd7+ Kxd7
37.Ke3 Ke7 38.g4 f6 39.f4 Bc8 40.f5 gxf5 41.exf5 Ng5 42.Bb4+ Ke8 43.Kf4 Nf7
44.Bd5 Ne5 45.Bc3 Nd7 46.Bg8 h6 47.Be6 Ke7 48.Bd4 a5 49.Kg3 Kf8 50.Kh4 Kg7
51.Kh5 a4 52.h4 Kh7 53.Bxd7 Bxd7 54.Bxf6 Be8+  0-1

[Event "Olympiad"]
[Site "Bled SLO"]
[Date "2002.11.08"]
[Round "13"]
[White "Arduman,C"]
[Black "Yarmonov,I"]
[Result "1-0"]
[WhiteElo "2369"]
[BlackElo "2355"]

1.d4 Nf6 2.Nf3 d5 3.c4 e6 4.Nc3 Be7 5.Bf4 O-O 6.e3 c5 7.dxc5 Bxc5 8.cxd5 Nxd5
9.Nxd5 exd5 10.a3 Nc6 11.Bd3 Be7 12.b4 Bf6 13.Rc1 a6 14.Qc2 g6 15.h3 Be6
16.O-O Rc8 17.Qb1 Qe7 18.Rc5 a5 19.Rfc1 axb4 20.axb4 Ra8 21.Qb3 g5 22.Bg3 d4
23.Bc4 Bxc4 24.R5xc4 dxe3 25.Qxe3 Qxe3 26.fxe3 Ra3 27.b5 Na5 28.Re4 Rb3 29.Rc5 h6
30.h4 gxh4 31.Bxh4 Bg7 32.Rf5 Rc8 33.Rg4 Kf8 34.Rgf4 Kg8 35.Bf6 Bxf6 36.Rxf6 Rc4
37.e4 Rxb5 38.Nh4 Rg5 39.Rxf7 h5 40.Rf8+ Kh7 41.R4f7+ Rg7 42.Rf5 Rg4 43.Rxh5+ Kg7
44.Rfh8 Rc2 45.Nf5+ Kg6 46.R8h6+ Kf7 47.Rh7+ Kg6 48.Nh4+ Kf6 49.Rf5+ Ke6
50.Rh6+ Kd7 51.Rxa5 Rxe4 52.Rb5 Kc8 53.Rh8+ Kc7 54.Rh7+ Kc6 55.Rg5 Kb6 56.Rgg7 Ka6
57.Nf3 Rb2 58.Rg5 b5 59.Rd5 Ree2 60.Rg7 Ka5 61.Rd4 b4 62.Rd5+ Ka4 63.Ra7+ Kb3
64.Rd3+ Kc2 65.Rd4 Kb1 66.Rd1+ Kc2 67.Rf1 Kd3 68.Rd7+ Kc4 69.Rc1+ Rbc2 70.Rxc2+ Rxc2
71.Rc7+ Kd5  1-0

[Event "Olympiad"]
[Site "Bled SLO"]
[Date "2002.11.08"]
[Round "13"]
[White "Wu Shaobin"]
[Black "Dervishi,E"]
[Result "0-1"]
[WhiteElo "2544"]
[BlackElo "2513"]

1.d4 Nf6 2.Nf3 e6 3.c4 d5 4.Nc3 Be7 5.Bf4 O-O 6.e3 c5 7.dxc5 Bxc5 8.cxd5 Nxd5
9.Nxd5 exd5 10.a3 Nc6 11.Bd3 Be7 12.O-O Bf6 13.Qb3 g6 14.Rac1 a6 15.Rfd1 Qe7
16.h3 Be6 17.Qb6 Rfd8 18.Bc2 a5 19.Ba4 Ra6 20.Qb5 Bf5 21.Nd4 Nxd4 22.exd4 Re6
23.Bc7 Rc8 24.Qxb7 Re2 25.Qb6 Bh4 26.Rf1 Qg5 27.Rc3 Qd2 28.g3 Be7 29.Bf4 Qxb2
30.Rxc8+ Bxc8 31.Qxb2 Rxb2 32.Bc1 Rb1 33.Bc2 Ra1 34.Kg2 Bxa3 35.Bxa3 Rxa3
36.Rb1 Ba6 37.Rb8+ Kg7 38.Bd1 Bc4 39.Ra8 Ra1 40.Bf3 Ra2 41.Rd8 Rd2 42.Ra8 Rxd4
43.Rxa5 Rd2 44.h4 h5 45.Rc5 Kf6 46.Rc7 Ra2 47.Rc6+ Ke5 48.Rc7 Ke6 49.g4 hxg4
50.Bxg4+ f5 51.Bf3 Ra6 52.h5 gxh5 53.Bxh5 Ke5 54.Kg3 Rh6 55.Bd1 Rh1 56.Bf3 Rg1+
57.Kh2 Rg6 58.Bg2 Rd6 59.Kg3 Rg6+ 60.Kh2 Bd3 61.Rd7 Be4 62.f3 Bd3 63.Rd8 Bc4
64.Kg1 Kf4 65.Rh8 Ra6 66.Re8 Ra1+ 67.Kf2 Ra2+ 68.Kg1 d4 69.Rd8 Ke5  0-1

[Event "Olympiad w"]
[Site "Bled SLO"]
[Date "2002.11.10"]
[Round "14"]
[White "Radziewicz,I"]
[Black "Le Kieu Thien Kim"]
[Result "1-0"]
[WhiteElo "2421"]
[BlackElo "2334"]

1.d4 d5 2.c4 e6 3.Nc3 Be7 4.Nf3 Nf6 5.Bf4 O-O 6.e3 c5 7.dxc5 Bxc5 8.cxd5 Nxd5
9.Nxd5 exd5 10.a3 Nc6 11.Bd3 Bd6 12.Qa4 Ne7 13.Bxd6 Qxd6 14.O-O Bd7 15.Qh4 f5
16.Rfd1 Rf6 17.Rac1 Rc8 18.Rxc8+ Bxc8 19.Bb1 Qb6 20.Qd4 Qxd4 21.Nxd4 Rb6
22.b4 Kf7 23.Rc1 Kf6 24.Bd3 Nc6 25.b5 Nxd4 26.exd4 Bd7 27.a4 a5 28.Rc7 Be6
29.h4 h5 30.g3 g6 31.Kg2 Bf7 32.Kf3 Be6 33.Kf4 Bf7 34.Be2 Re6 35.Bf3 Re1
36.Rxb7 Ra1 37.Rb6+ Ke7 38.Ra6 Rxa4 39.Ke5 Ra1 40.Ra7+ Kf8 41.Kf6 Re1 42.Rxf7+  1-0

[Event "Bundesliga 2002-3"]
[Site "Bremen GER"]
[Date "2002.11.17"]
[Round "4"]
[White "Schenk,Andreas"]
[Black "Zumsande,M"]
[Result "1/2-1/2"]
[WhiteElo "2479"]
[BlackElo "2374"]

1.d4 e6 2.c4 d5 3.Nc3 Be7 4.Nf3 Nf6 5.Bf4 O-O 6.e3 c5 7.dxc5 Bxc5 8.cxd5 Nxd5
9.Nxd5 exd5 10.a3 Nc6 11.Bd3 Bb6 12.O-O Bg4 13.h3 Bh5 14.b4 Re8 15.Rc1 a6
16.Bxa6 Rxa6 17.b5 Rxa3 18.bxc6 bxc6 19.Rxc6 Re6 20.Rxe6 fxe6 21.Qc1 Ra6
22.Qc6 Qe8 23.Rc1 Qxc6 24.Rxc6 Ra1+ 25.Kh2 Bxf3 26.gxf3 Rb1 27.Rxe6 d4 28.Kg2 d3
29.Rd6 Bc7 30.Rxd3 Bxf4 31.exf4 Kf7 32.Rd5 Kf6 33.Rh5 Kg6 34.Ra5 Kf6 35.f5 Rb4
36.Kg3 Rc4 37.f4 Rc3+ 38.Kg4 h5+ 39.Kxh5 Rxh3+ 40.Kg4 Rh1 41.Ra6+ Kf7 42.f6 Rg1+
43.Kf5 g6+ 44.Ke4 Re1+ 45.Kf3 Rb1 46.f5 Rb4 47.fxg6+ Kxg6 48.Kg3 Kf7 49.f4 Rb3+
50.Kg4 Rb5  1/2-1/2

[Event "40th Ann Open"]
[Site "Curacao AHO"]
[Date "2002.11.20"]
[Round "3"]
[White "Belakovskaia,A"]
[Black "Popitz,A"]
[Result "1-0"]
[WhiteElo "2270"]
[BlackElo "2164"]

1.d4 d5 2.c4 e6 3.Nf3 Nf6 4.Nc3 Be7 5.Bf4 O-O 6.e3 c6 7.Qc2 Nbd7 8.h3 b6
9.cxd5 exd5 10.Be2 Bb7 11.O-O Rc8 12.Rfd1 Ne8 13.Bd3 g6 14.e4 dxe4 15.Nxe4 Ndf6
16.Bh6 Ng7 17.Neg5 Nd5 18.h4 Nb4 19.Qa4 Nxd3 20.Rxd3 a5 21.Ne5 Qd5 22.Re1 Bb4
23.Ng4 f6 24.Bxg7 Kxg7 25.Ne6+ Kh8 26.Nxf8 Bxe1 27.Nxf6 Qf5 28.Rf3 Qb1 29.N8xh7 Rd8
30.Ng5 Rxd4 31.Qb3 Bc3+ 32.Kh2 Rxh4+ 33.Kg3 Bxf6 34.Rxf6 Rh5 35.Rf8+ Kg7
36.Qf7+ Kh6 37.Qh7+ Kxg5 38.f4+  1-0

[Event "10th Ducale Open"]
[Site "Genova ITA"]
[Date "2002.11.26"]
[Round "2"]
[White "Efimov,I"]
[Black "Carzolio,L"]
[Result "1-0"]
[WhiteElo "2480"]
[BlackElo "2026"]

1.d4 d5 2.c4 e6 3.Nc3 Nf6 4.Nf3 Be7 5.Bf4 O-O 6.e3 c5 7.dxc5 Bxc5 8.a3 dxc4
9.Bxc4 Qxd1+ 10.Rxd1 a6 11.Bd3 Nbd7 12.Ke2 Re8 13.Bb1 e5 14.Bg3 b5 15.Nd5 Nxd5
16.Rxd5 f6 17.Rc1 Re7 18.Ba2 Kf8 19.Rdxc5 Nxc5 20.Rxc5 Bb7 21.Ne1 Rd8 22.f3 Red7
23.Rc2 a5 24.b4 axb4 25.axb4 Ra8 26.e4 Ke8 27.Bf2 Ra3 28.Bc5 Rd8 29.h4 Bc8
30.Bb6  1-0

[Event "ch-ITA"]
[Site "Montecatini Terme ITA"]
[Date "2002.11.27"]
[Round "8"]
[White "Belotti,B"]
[Black "Mantovani,R"]
[Result "1/2-1/2"]
[WhiteElo "2419"]
[BlackElo "2359"]

1.d4 d5 2.c4 e6 3.Nc3 Nf6 4.Nf3 Be7 5.Bf4 O-O 6.e3 c5 7.dxc5 Bxc5 8.cxd5 Nxd5
9.Nxd5 exd5 10.a3 Nc6 11.Bd3 Bb6 12.O-O Bg4 13.h3 Bh5 14.b4 d4  1/2-1/2

[Event "Superstars Hotel Bali"]
[Site "Benidorm ESP"]
[Date "2002.11.29"]
[Round "1"]
[White "Vera,R"]
[Black "Amura,C"]
[Result "1-0"]
[WhiteElo "2544"]
[BlackElo "2360"]

1.Nf3 Nf6 2.c4 e6 3.Nc3 d5 4.d4 Be7 5.Bf4 O-O 6.e3 a6 7.c5 b5 8.Bd3 b4 9.Ne2 a5
10.Ne5 Ba6 11.Bc2 Nfd7 12.O-O Nxe5 13.Bxe5 Nc6 14.Bg3 f6 15.Nf4 Qd7 16.Re1 f5
17.Ba4 Rab8 18.Nd3 Bb5 19.Bxb5 Rxb5 20.Qa4 Rfb8 21.h3 Bf6 22.a3 b3 23.Rac1 g5
24.Be5 Bxe5 25.Nxe5 Nxe5 26.dxe5 Qg7 27.Qd4 c6 28.Rc3 Rf8 29.f4 g4 30.hxg4 Qxg4
31.Qd2 Rf7 32.Qe2 Qg3 33.Qf2 Qg4 34.e4 Rg7 35.exd5 exd5 36.e6 Kf8 37.Rd3 Ke7
38.Rd2 Rb8 39.Qd4 Qg3 40.Qe5 Rd8 41.Re3 Qg6 42.Qc7+ Ke8 43.e7  1-0

[Event "33rd NCC"]
[Site "Philadelphia USA"]
[Date "2002.11.30"]
[Round "4"]
[White "Ibragimov,I"]
[Black "Goldin,A"]
[Result "1/2-1/2"]
[WhiteElo "2566"]
[BlackElo "2630"]

1.d4 d5 2.c4 e6 3.Nf3 Be7 4.Nc3 Nf6 5.Bf4 O-O 6.e3 c5 7.dxc5 Bxc5 8.Be2 Nc6
9.cxd5 Nxd5 10.Nxd5 exd5 11.O-O Bb6 12.Ne5 Qf6 13.Qxd5 Be6 14.Qb5 Nd4 15.exd4  1/2-1/2

[Event "ch-POL sf"]
[Site "Lubniewice POL"]
[Date "2002.12.02"]
[Round "3"]
[White "Murdzia,P"]
[Black "Barglowski,F"]
[Result "1-0"]
[WhiteElo "2418"]
[BlackElo "2307"]

1.d4 d5 2.c4 e6 3.Nc3 Nf6 4.Nf3 Be7 5.Bf4 O-O 6.e3 Nbd7 7.cxd5 Nxd5 8.Nxd5 exd5
9.a3 Nf6 10.Qc2 Bd6 11.Bxd6 Qxd6 12.Bd3 a5 13.O-O g6 14.b4 Bd7 15.Ne5 Ng4
16.Nxg4 Bxg4 17.Qc5 Qxc5 18.bxc5 Bd7 19.Rab1 Rab8 20.Rfc1 Rfd8 21.Rb2 Bc6
22.Rcb1 Ra8 23.h4 Kf8 24.g4 Ke7 25.Kg2 h6 26.Kg3 g5 27.Rh1 Rh8 28.f3 gxh4+
29.Rxh4 Kf6 30.Kf4 Rad8 31.Rxh6+ Rxh6 32.g5+ Kg7 33.gxh6+ Kxh6 34.Rg2 b6
35.cxb6 cxb6 36.Bf5 Re8 37.Rh2+ Kg7 38.Rh7+ Kg8 39.Rh6 Bb5 40.Rxb6 Bc4 41.Rb7 Ra8
42.e4 dxe4 43.fxe4 Kg7 44.d5 Kf6 45.Rb6+ Ke7 46.Ke5 Rd8 47.Rb7+ Kf8 48.Ra7  1-0

[Event "Baharov Mem"]
[Site "Borovec BUL"]
[Date "2002.12.05"]
[Round "7"]
[White "Raeva,E"]
[Black "Dobrev,N"]
[Result "1/2-1/2"]
[WhiteElo "2125"]
[BlackElo "2371"]

1.c4 e6 2.d4 Nf6 3.Nc3 d5 4.Nf3 Be7 5.Bf4 O-O 6.e3 c5 7.cxd5 exd5 8.Be2 Nc6
9.O-O a6 10.h3 Bf5 11.Rc1 c4 12.Ne5 Rc8 13.g4 Be6 14.Bf3 b5 15.Bg2 b4 16.Ne2 Qb6
17.Bg3 Rfd8 18.f4 Nxe5 19.fxe5 Nd7 20.Nf4 Nf8 21.Kh2 Ng6 22.Qf3 c3 23.Qf2 a5
24.bxc3 bxc3 25.Rc2 Ba3 26.Ne2 Bb2 27.e4 dxe4 28.Bxe4 Bxa2 29.Nxc3 Bxc3 30.Rxa2 Qa7
31.Rc2 Bxd4 32.Rxc8 Rxc8 33.Qf5 Rc5 34.Rd1 Rc3 35.e6 Rxg3 36.exf7+ Kf8 37.Qc8+ Kxf7
38.Bxg6+ hxg6 39.Kxg3 Be5+ 40.Kg2 Qb8 41.Rd7+ Kf6 42.Qc6+ Kg5 43.Qc1+ Bf4
44.Qc5+ Kh6 45.Qd4  1/2-1/2

[Event "Friendship A"]
[Site "Roznov CZE"]
[Date "2002.12.08"]
[Round "4"]
[White "Dydyshko,V"]
[Black "Laznicka,V"]
[Result "1-0"]
[WhiteElo "2539"]
[BlackElo "2319"]

1.d4 e6 2.c4 Nf6 3.Nf3 d5 4.Nc3 Be7 5.Bf4 O-O 6.e3 b6 7.Bd3 Bb7 8.O-O c5
9.Qe2 Nc6 10.cxd5 Nxd5 11.Nxd5 Qxd5 12.dxc5 Bxc5 13.Rfd1 Qh5 14.a3 Rfd8 15.Bc7 Rdc8
16.Bg3 Bf8 17.Rac1 Ne7 18.Ba6 Bxa6 19.Qxa6 Qd5 20.h3 Rxc1 21.Rxc1 Nf5 22.Bf4 h6
23.Qc4 Qxc4 24.Rxc4 Rd8 25.Rc7 a5 26.Rb7 Bc5 27.Kf1 f6 28.b4 axb4 29.axb4 Bxb4
30.Rxb6 Bd6 31.g4 e5 32.gxf5 exf4 33.e4 Bc5 34.Rc6 Ba7 35.Nh4 Rb8 36.Rc2 Bd4
37.Kg2 Kf7 38.Ng6 Be5 39.Ra2 Rb7 40.Ra3 Ke8 41.Kf3 Rb2 42.Nxe5 fxe5 43.Ra5 Rb3+
44.Kg4 h5+ 45.Kxh5 Rf3 46.Kg6 Rxf2 47.Kxg7 f3 48.Rxe5+ Kd7 49.f6 Rg2+ 50.Kf7  1-0

[Event "AIG Life rapid"]
[Site "Warsaw POL"]
[Date "2002.12.21"]
[Round "2"]
[White "Bareev,E"]
[Black "Pyda,Z"]
[Result "1-0"]
[WhiteElo "2737"]
[BlackElo "2326"]

1.d4 d5 2.c4 e6 3.Nc3 Be7 4.Nf3 Nf6 5.Bf4 O-O 6.Qc2 a6 7.cxd5 exd5 8.e3 c6
9.Bd3 Nbd7 10.h3 Re8 11.g4 g6 12.O-O-O c5 13.g5 c4 14.Be2 Nh5 15.Nxd5 Nxf4
16.Nxf4 b5 17.h4 Bd6 18.h5 Bxf4 19.exf4 Nb6 20.hxg6 fxg6 21.Nh4 Qd6 22.f5 Qf4+
23.Qd2 Qxd2+ 24.Kxd2 Bxf5 25.Nxf5 gxf5 26.Rh6 Nd5 27.Rdh1 Nf4 28.Bf3 Rad8
29.Kc3 Re7 30.Rxa6 Ne6 31.Ra8 Ree8 32.Rxd8 Rxd8 33.Re1 Nxg5 34.Bc6 Kg7 35.Bxb5 Ne4+
36.Kxc4 Nxf2 37.Bc6 h5 38.a4 h4 39.a5 h3 40.Rf1 Ng4 41.Rh1 Rc8 42.d5 h2 43.a6 Kf6
44.a7 Ne5+ 45.Kc5  1-0

[Event "26th Christmas Open Masters"]
[Site "Zurich SUI"]
[Date "2002.12.30"]
[Round "7"]
[White "Siegel,G"]
[Black "Malakhatko,V"]
[Result "0-1"]
[WhiteElo "2443"]
[BlackElo "2515"]

1.Nf3 d5 2.d4 Nf6 3.c4 e6 4.Nc3 Be7 5.Bf4 O-O 6.e3 c5 7.dxc5 Bxc5 8.Qc2 Nc6
9.a3 Qa5 10.O-O-O Be7 11.Kb1 a6 12.Nd2 b5 13.cxb5 axb5 14.Bxb5 Bd7 15.Nb3 Qb6
16.a4 Rfc8 17.Qe2 e5 18.Bg5 Bf5+ 19.Kc1 Na7  0-1

[Event "Troll Masters"]
[Site "Gausdal NOR"]
[Date "2003.01.12"]
[Round "7"]
[White "Shumiakina,T"]
[Black "Bisby,D"]
[Result "1/2-1/2"]
[WhiteElo "2364"]
[BlackElo "2283"]

1.d4 d5 2.c4 e6 3.Nc3 Nf6 4.Nf3 Be7 5.Bf4 O-O 6.e3 c5 7.dxc5 Bxc5 8.cxd5 exd5
9.Be2 Nc6 10.O-O Be6 11.Nb5 a6 12.Nbd4 Qb6 13.Nxc6 bxc6 14.Be5 Be7 15.Qb3 Qxb3
16.axb3 a5 17.Nd4 Rfc8 18.Rfc1 Nd7 19.Bg3 c5 20.Nxe6 fxe6 21.Bb5 Nb6 22.e4 Bf6
23.Ra2 Kf7 24.e5 Be7 25.f4 c4 26.bxc4 Nxc4 27.f5 Ne3 28.fxe6+ Kxe6 29.Bc6 Rc7
30.Bf4 Rac8 31.Bxe3 Rxc6 32.Rxc6+ Rxc6 33.Rxa5 Kxe5 34.Ra4  1/2-1/2

[Event "XXVIII"]
[Site "Seville ESP"]
[Date "2003.01.12"]
[Round "3"]
[White "Barrero Garcia,C"]
[Black "Li Wenliang"]
[Result "1/2-1/2"]
[WhiteElo "2325"]
[BlackElo "2497"]

1.Nf3 Nf6 2.c4 e6 3.Nc3 d5 4.d4 Be7 5.Bf4 O-O 6.e3 c6 7.Qc2 Nbd7 8.h3 dxc4
9.Bxc4 Nd5 10.Bh2 Nxc3 11.bxc3 b6 12.O-O Bb7 13.Rfd1 Qc8 14.e4 Ba6 15.Bxa6 Qxa6
16.c4 Rac8 17.a4 Qa5 18.g4 Rfd8 19.Bf4 Nf8 20.h4 Ng6 21.Bd2 Qa6 22.h5 Nh4
23.Nxh4 Bxh4 24.Bf4 Be7 25.h6 g6 26.a5 b5 27.c5 Qb7 28.Qb2 f6 29.a6 Qd7 30.Qb3 g5
31.Bd2 Bf8 32.Ba5 Re8 33.Rd3 Qf7 34.Rad1 Bxh6 35.d5 exd5 36.exd5 cxd5 37.Qxb5 Qe6
38.Rd4 Rb8 39.Qd3 Bf8 40.Rxd5 Qxg4+ 41.Kf1 Qh4 42.Kg2 Rb2 43.Rf5 Ree2 44.Rf1 Qg4+
45.Kh1 Re3 46.Rxg5+ Qxg5 47.Qxe3 Qd5+ 48.Kh2 Rb3 49.Qe8 Rh3+ 50.Kxh3 Qf3+
51.Kh2 Qf4+ 52.Kh1 Qh4+ 53.Kg1 Qg4+ 54.Kh1  1/2-1/2

[Event "ch-IND"]
[Site "Mumbai IND"]
[Date "2003.01.20"]
[Round "4"]
[White "Suvrajit,S"]
[Black "Saravanan,V"]
[Result "1/2-1/2"]
[WhiteElo "2390"]
[BlackElo "2357"]

1.d4 d5 2.c4 e6 3.Nc3 Be7 4.Nf3 Nf6 5.Bf4 O-O 6.e3 c5 7.dxc5 Bxc5 8.cxd5 Nxd5
9.Nxd5 exd5 10.a3 Nc6 11.Bd3 Bb6 12.O-O Bg4 13.h3 Bh5 14.Be2 Re8 15.b4 a6
16.Ra2 Qd7 17.Rd2 Rad8 18.Nd4 Bxe2 19.Nxe2 d4 20.Nxd4 Nxd4 21.exd4 Bxd4 22.Re1 Rxe1+
23.Qxe1 Qc6 24.Qd1 Qf6 25.Be3 Bb6 26.Bxb6  1/2-1/2

[Event "ch-IND"]
[Site "Mumbai IND"]
[Date "2003.01.20"]
[Round "4"]
[White "Ravi,L"]
[Black "Roy Chowdhury,S"]
[Result "1/2-1/2"]
[WhiteElo "2419"]
[BlackElo "2395"]

1.d4 Nf6 2.Nf3 e6 3.c4 d5 4.Nc3 Be7 5.Bf4 O-O 6.e3 c5 7.dxc5 Bxc5 8.cxd5 Nxd5
9.Nxd5 exd5 10.a3 Nc6 11.Bd3 Bd6 12.Bxd6 Qxd6 13.O-O Be6 14.Qa4 Ne5 15.Nxe5 Qxe5
16.Qb4 b6 17.Ba6 Rad8 18.Rfd1 Bc8 19.Be2 Be6 20.Ba6 Bc8 21.Bxc8 Rxc8 22.Qb3 Rc4
23.Rd2 Rfc8 24.Rad1 R8c5 25.g3 g6 26.Qd3 a5 27.Qe2 Qe4 28.h4 h5 29.Kh2 Rc2
30.Kg1 a4  1/2-1/2

[Event "28th Rapid Open"]
[Site "Aubervilliers FRA"]
[Date "2003.01.26"]
[Round "8"]
[White "Pelletier,Y"]
[Black "Meijers,V"]
[Result "1-0"]
[WhiteElo "2624"]
[BlackElo "2463"]

1.Nf3 Nf6 2.c4 e6 3.Nc3 d5 4.d4 Be7 5.Bf4 O-O 6.e3 b6 7.Rc1 a6 8.cxd5 exd5
9.Be2 Bb7 10.O-O Re8 11.Na4 Bd6 12.Bxd6 Qxd6 13.Qb3 Nbd7 14.Rc2 Rab8 15.Rfc1 Rec8
16.Ne1 c5 17.Qa3 Qe6 18.dxc5 b5 19.Nf3 bxa4 20.c6 Nb6 21.Nd4 Qe5 22.cxb7 Rxc2
23.Rxc2 Rxb7 24.Qb4 Qe7 25.Qxe7 Rxe7 26.Bxa6 h6 27.Rc6 Nfd7 28.Bb5 g6 29.Rc7 Kf8
30.Rb7 f5 31.h3 Kg7 32.Nc6 Rf7 33.Kf1 Kf6 34.Nb8 Ke6 35.Nxd7 Nxd7 36.Rxd7 Rxd7
37.Bxd7+ Kxd7 38.Ke2 Kd6 39.Kd3 Kc5 40.h4 g5 41.hxg5 hxg5 42.Kc3 g4 43.g3 Kd6
44.Kd4 Ke6 45.b3 a3 46.b4 Kd6 47.b5  1-0

[Event "TCh-AUT 2002-3"]
[Site "Jenbach AUT"]
[Date "2003.01.26"]
[Round "8"]
[White "Bromberger,S"]
[Black "Schlosser,P"]
[Result "1/2-1/2"]
[WhiteElo "2417"]
[BlackElo "2534"]

1.d4 Nf6 2.c4 e6 3.Nf3 d5 4.Nc3 Be7 5.Bf4 O-O 6.e3 Nbd7 7.Qc2 c5 8.cxd5 exd5
9.Be2 a6 10.O-O b5 11.dxc5 Nxc5 12.Nd4 Bb7 13.Nf5 Rc8  1/2-1/2

[Event "Gibraltar Masters"]
[Site "Catalan Bay ENG"]
[Date "2003.01.29"]
[Round "2"]
[White "Gyimesi,Z"]
[Black "Barsov,A"]
[Result "1/2-1/2"]
[WhiteElo "2585"]
[BlackElo "2525"]

1.d4 e6 2.c4 Nf6 3.Nf3 d5 4.Nc3 Be7 5.Bf4 O-O 6.e3 c5 7.dxc5 Bxc5 8.cxd5 Nxd5
9.Nxd5 exd5 10.a3 Nc6 11.Bd3 Bb6 12.O-O d4 13.e4 Bg4 14.h3 Qf6 15.hxg4 Qxf4
16.Nh2 Ne5 17.g3 Qh6 18.Kg2 Qe6 19.g5 Rfe8 20.Re1 Rac8 21.Nf3 Nxf3 22.Qxf3 Rc5
23.e5 Rxe5 24.Rxe5 Qxe5 25.Qxb7 g6 26.Qc6 Re6 27.Qb5 Qxb5 28.Bxb5 Re5  1/2-1/2

[Event "National I"]
[Site "Sautron FRA"]
[Date "2003.02.02"]
[Round "3"]
[White "Sokolov,I"]
[Black "Bologan,V"]
[Result "1/2-1/2"]
[WhiteElo "2688"]
[BlackElo "2630"]

1.d4 Nf6 2.c4 e6 3.Nf3 d5 4.Nc3 Be7 5.Bf4 O-O 6.e3 Nbd7 7.Bd3 dxc4 8.Bxc4 a6
9.a4 c5 10.dxc5 Bxc5 11.O-O b6 12.Qe2 Bb7 13.Rad1 Qc8 14.Rc1 Bc6 15.e4 Qb7
16.Rfd1 Rfe8 17.e5 Nd5 18.Nxd5 exd5 19.Ba2 a5 20.Qd3 Rad8 21.Ng5 Nf8 22.Bb1 h6
23.Nf3 Bxa4 24.b3 Bd7 25.Nh4 Be7 26.e6 Bxe6 27.Rc7 Qa8 28.Qg3 Bxh4 29.Qxh4 Rc8
30.Qg3 Rxc7 31.Bxc7 f6 32.Bxb6 a4 33.Bd4 axb3 34.Bxf6 Qb7 35.Bb2 Re7 36.h3 Rf7
37.Rd4 Bf5 38.Bxf5 Rxf5 39.Rb4 Qe7 40.Rxb3 Rg5  1/2-1/2

[Event "ch-EGY 3rd Stage"]
[Site "Cairo EGY"]
[Date "2003.02.05"]
[Round "11"]
[White "Abdel Razik,K"]
[Black "Abdelnabbi,I"]
[Result "1/2-1/2"]
[WhiteElo "2347"]
[BlackElo "2414"]

1.d4 d5 2.c4 e6 3.Nc3 Be7 4.Nf3 Nf6 5.Bf4 O-O 6.e3 c5 7.dxc5 Bxc5 8.a3 Nc6
9.Qc2 Qa5 10.O-O-O Be7  1/2-1/2

[Event "Tch-SWE 2002-3"]
[Site "Sweden SWE"]
[Date "2003.02.08"]
[Round "7"]
[White "Ahlander,B"]
[Black "Vernersson,P"]
[Result "1/2-1/2"]
[WhiteElo "2389"]
[BlackElo "2391"]

1.d4 d5 2.c4 e6 3.Nc3 Be7 4.Nf3 Nf6 5.Bf4 dxc4 6.e3 c5 7.Bxc4 O-O 8.O-O cxd4
9.Nxd4 Bd7 10.Qb3 Nc6 11.Nxc6 Bxc6 12.Rfd1 Qa5 13.Nb5 Nd5 14.Bg3 Rfd8 15.a4 Rac8
16.e4 Nb6 17.Bxe6 Rxd1+ 18.Rxd1 Rf8 19.Bd5 Qxa4 20.Qxa4 Nxa4 21.Bxc6 bxc6
22.Nxa7 Nxb2 23.Rb1 Ba3 24.Nxc6 f6 25.Bd6 Bxd6 26.Rxb2 Rc8 27.Rc2 Kf8 28.g3 Ke8
29.Kg2 Kd7 30.Nd4 Rxc2 31.Nxc2 Bc5 32.Ne1 Ke6 33.Nd3 Bd4 34.f4 g6 35.Kf3 Bb6
36.h3 h5 37.Nb4 Bc5 38.Nc2 f5 39.e5 Kd5 40.Ne3+ Ke6 41.Ng2 Be7 42.Ke3 Bc5+
43.Ke2 Bb6 44.Nh4 Kf7 45.Nf3 Ke6 46.Ng5+ Ke7 47.Nh7 Bc5 48.Nf6 Ke6 49.Kf3 Be7
50.Nh7 Kf7 51.Ng5+ Bxg5 52.fxg5 Ke6  1/2-1/2